000 00878cam a2200253 a 4500
001 42
003 BR-CuiBMT
005 20231117125856.0
008 230807s2019 mgba 000 0 por d
020 _a9788545006534
040 _aBR-CuiBMT
_cBR-CuiBMT
080 _a347.963:343.353
_22007
090 _a347.963:343.353
_bB523o
100 1 _aBernardino, Talitha Braz
245 1 2 _aO abuso de poder na atuação do Ministério Público /
_cTalitha Braz Bernardino ; prefácios Sebastião Botto de Barros Tojal, Márcio Cammarosano.
260 _aBelo Horizonte :
_bFórum,
_c2019.
300 _a129 p. :
_bil. ;
_c22 cm
504 _aInclui bibliografia.
650 _aMinistério público
_xPoderes e atribuições
_zBrasil
650 _aAbuso de poder
_xMinistério público
_zBrasil
650 _aDireito constitucional
650 _aDireito administrativo
942 _2udc
_cLV
999 _c42
_d42